| 000 | nam a22 a 4500 | ||
|---|---|---|---|
| 999 |
_c2046 _d2046 |
||
| 003 | AKMAL | ||
| 005 | 20170515104330.0 | ||
| 008 | 170515s1993 my 00 may d | ||
| 020 |
_a9837200456 (jil. 1): _cRM27.50 |
||
| 020 |
_a9837200472 (jil. 2): _cRM27.50 |
||
| 020 | _a9837200448 (kkt. : jil. 1) | ||
| 020 | _a9837200464 (kkt. : jil. 2) | ||
| 040 |
_aAKMAL _cAKMAL |
||
| 082 | 0 | 4 | _a354.595 AZM |
| 090 | 0 | 0 |
_a354.595 _bAZM |
| 100 | 0 |
_aWan Azmi Ramli, _d1939- _94098 |
|
| 245 | 1 | 0 |
_aDasar awam di Malaysia / _cWan Azmi Ramli |
| 250 | _aEd. terbaru | ||
| 260 |
_aKuala Lumpur : _bGolden Book Centre, _c1993 |
||
| 300 |
_a2 jil. : _bil ; _c22 cm. |
||
| 500 | _aDahulu diterbitkan oleh Pustaka Cipta | ||
| 650 | 0 |
_aPolicy sciences _92800 |
|
| 650 | 0 |
_aAdministrative agencies _zMalaysia _9548 |
|
| 650 | 0 |
_aPublic administration _zMalaysia _9419 |
|
| 650 | 0 |
_aExecutive departments _zMalaysia _94216 |
|
| 651 | 0 |
_aMalaysia _xSocial policy _9454 |
|
| 651 | 0 |
_aMalaysia _xEconomic policy _949 |
|
| 651 | 0 |
_aMalaysia _xPolitics and government _944 |
|
| 942 |
_2ddc _cBOOK |
||